000 002530000a22001090004500
090 _aAR
_b04418
245 1 0 _aGenus Phragmipedium
041 0 _aInglés
100 1 _aGaray, Leslie A.
_998302
942 _cARTICULO
773 1 _tOrch. Dig.
_q133-151
_d1979
_g43
999 _c13516
_d13516